00622nam a2200169 a 450000100100000000500170001000800410002704000250006810000300009324500880012326000360021130000290024749000490027650000500032550400280037583000490040300004771920201002060710.0180716s2015 dr a 000 0 spa d aDO-SdBNPbspacBNPHU1 aGonzález, Fredy Enrique10aEpistemología de la práctica y narrativas docentes /cFredy Enrique González. aSanto Domingo, :bINTEC,c2015. a53 p. ; :bil. ;c29 cm.1 aFormación en acompañamiento pedagógico aIncluye referencias al final de los capitulos aBibliografía p: 52-53 0aFormación en acompañamiento pedagógico